Беглецы и бродяги: [18+]; [НЕЗАКОННОЕ ПОТРЕБЛЕНИЕ НАРКОТИЧЕСКИХ СРЕДСТВ, ПСИХОТРОПНЫХ ВЕЩЕСТВ, ИХ АНАЛОГОВ ПРИЧИНЯЕТ ВРЕД ЗДОРОВЬЮ, ИХ НЕЗАКОННЫЙ ОБОРОТ ЗАПРЕЩЁН И ВЛЕЧЕТ УСТАНОВЛЕННУЮ ЗАКОНОДАТЕЛЬСТВОМ ОТВЕТСТВЕННОСТЬ]; роман; пер. с англ.

Dades bibliogràfiques
Autor principal: Паланик Ч. Чак
Sumari:Портленд, штат Орегон. Здесь на излете «проклятых восьмидесятых» родилась дикая, неистовая ГРАНДЖ-КУЛЬТУРА, подарившая миру великий рок-н-ролл, гениальное кино и талантливую литературу. Портленд, штат Орегон. Город, который стал для «поколения Икс» и его наследников тем же, что Сан-Франциско для хиппи, Лондон — для панков и Нью-Орлеан для черных готов. Контркультурный форпост нашего времени, в путешествие по которому вас приглашает КУЛЬТОВЫЙ уроженец и летописец Портленда — Чак Паланик...
Idioma:rus
Publicat: Москва, АСТ, 2006
Col·lecció:Альтернатива
Matèries:
Format: MixedMaterials Llibre
KOHA link:https://koha.lib.tpu.ru/cgi-bin/koha/opac-detail.pl?biblionumber=114065

MARC

LEADER 00000nam0a2200000 4500
001 114065
005 20260407145644.0
010 |a 5170375395 
035 |a (RuTPU)RU\TPU\book\123354 
090 |a 114065 
100 |a 20070419d2006 m y0rusy50 ca 
101 0 |a rus 
102 |a RU 
105 |a y z 000ay 
200 1 |a Беглецы и бродяги  |e [18+]  |e [НЕЗАКОННОЕ ПОТРЕБЛЕНИЕ НАРКОТИЧЕСКИХ СРЕДСТВ, ПСИХОТРОПНЫХ ВЕЩЕСТВ, ИХ АНАЛОГОВ ПРИЧИНЯЕТ ВРЕД ЗДОРОВЬЮ, ИХ НЕЗАКОННЫЙ ОБОРОТ ЗАПРЕЩЁН И ВЛЕЧЕТ УСТАНОВЛЕННУЮ ЗАКОНОДАТЕЛЬСТВОМ ОТВЕТСТВЕННОСТЬ]  |e роман  |e пер. с англ.  |f Ч. Паланик 
210 |a Москва  |c АСТ  |d 2006 
215 |a 253 с. 
225 1 |a Альтернатива 
330 |a Портленд, штат Орегон. Здесь на излете «проклятых восьмидесятых» родилась дикая, неистовая ГРАНДЖ-КУЛЬТУРА, подарившая миру великий рок-н-ролл, гениальное кино и талантливую литературу. Портленд, штат Орегон. Город, который стал для «поколения Икс» и его наследников тем же, что Сан-Франциско для хиппи, Лондон — для панков и Нью-Орлеан для черных готов. Контркультурный форпост нашего времени, в путешествие по которому вас приглашает КУЛЬТОВЫЙ уроженец и летописец Портленда — Чак Паланик... 
610 1 |a американская литература 
610 1 |a проза 
610 1 |a романы 
610 1 |a рок-культура 
675 |a 82  |v 3 
700 1 |a Паланик  |b Ч.  |g Чак 
801 1 |a RU  |b 63413507  |c 20070419  |g PSBO 
801 2 |a RU  |b 63413507  |c 20070424  |g PSBO 
830 |a *изданиеподлежащеемаркировке 
942 |c BK